| 000 | 01078cam a22003255a 4500 | ||
|---|---|---|---|
| 001 | 16878742 | ||
| 005 | 20150608134832.0 | ||
| 008 | 110719s2013 gw a frb 001 0 eng d | ||
| 020 | _a9783642201431 | ||
| 020 | _a9783642201448 (eISBN) | ||
| 040 |
_aSISPL _beng _cSISPL _dYDXCP _dUKMGB _dBWX _dOHX _dCNCEN _dDLC _dEG-ScBUE |
||
| 082 | 0 | 4 |
_a629.892637 _bCOR _222 |
| 100 | 1 |
_aCorke, Peter I., _d1959- _938122 |
|
| 245 | 1 | 0 |
_aRobotics, vision and control : _bfundamental algorithms in MATLAB / _cPeter Corke. |
| 246 | 3 | 0 | _aMATLAB |
| 250 | _a1st ed., Corrected second printing. | ||
| 260 |
_aBerlin : _bSpringer-Verlag, _c2013. |
||
| 300 |
_axxiv, 570 p. : _bill. (some col.) ; _c27 cm. |
||
| 490 | 0 |
_aSpringer tracts in advanced robotics, _x16107438 ; _v73 |
|
| 500 | _a"With 393 images." | ||
| 500 | _aFirst edition 2011. | ||
| 500 | _aIndex : p. 553-570. | ||
| 504 | _aBibliography : p. 543-552. | ||
| 650 | 0 |
_aRobotics. _2BUEsh |
|
| 650 | 0 |
_aMATLAB. _2BUEsh |
|
| 651 | _2BUEsh | ||
| 653 |
_bENGMEC _cJune2015 |
||
| 655 |
_vtext book _933728 |
||
| 942 |
_2ddc _k629.892637 COR |
||
| 999 |
_c19495 _d19467 |
||